00625nam a22001937a 450000500170000001000150001702000270003202000260005903500130008503500130009803700130011108200120012410000210013624501180015725000160027526000400029127000620033130000380039320170426162950.0 aENG-116054 c1050.00a9789352602216 c925.00a9789351448433 aEN-99586 aB-665217 bDBAD/PUB a621.381 aKashyap, Kishore aElectronics and communication engineering for GATE :cby Kishore Kashyapbgraduate aptitude test in engineering / a2nd edition aNoida bMcGraw Hill Educationc2017 aB-4, Sector - 63, Gautam Budh Nagar, bNoida (UP)e201301 aVarious pagings :c25cm(pbk)bill